000 00769nam a2200181Ia 4500
008 100917s9999 xx 000 0 und d
082 _b34442
100 _aकेतकर श्रीधर व्यंकटेश
245 _aमहाराष्ट्रीय ज्ञानकोश विभाग 19 मूर - वर्हाड
260 _bकेतकर श्री. व्यं.
_c1926
300 _a113
365 _b0
520 _aकोश
630 _aमहाराष्ट्रीय ज्ञानकोश विभाग 19 मूर - वर्हाड
650 _aकोश
730 _aमहाराष्ट्रीय ज्ञानकोश विभाग 19 मूर - वर्हाड
942 _cBOOK
999 _c639836
_d639833